000 00751nas a2200265 4500
001 BR0300921
003 BR-BrBNA
005 20231205103602.0
007 ta
008 230509b bl.|||p| |||| 00| 00por d
040 _aBR-BrBNA
_bpor
_cBiblioteca Nacional de Agricultura
041 _a(Pt)
072 _aB50; H20
100 1 _aMoura, R.M. de
245 1 _aRelembrando Anton de Bary e sua obra fitopatológica
650 _aDOENÇA DE PLANTA
650 _aFUNGO
650 _aBACTÉRIA
650 _aALGA
650 _aHISTÓRIA
650 _aBIOGRAFIA
773 0 _tFitopatologia Brasileira (Brazil)
_xISSN 0100-4158
_g(Jul-Aug 2002), v. 27(4) p. 337-343
_wBR0300921
909 _a202311
_bLúcia
_c55
_dLúcia Elande
942 _2AGRIS
_n0
_cANA
999 _c173662
_d173662